Datum a čas kvízu
29
Celkem bodů
Celkový počet nahraných bodů na tomto kvízu bez doplňovacích otázek.
4.
Pořadí na kvízu
Konečné umístění týmu na tomto kvízu.
Zaznamenané odpovědi
| # | Otázka | Odpověď | Body | Výsledky |
|---|---|---|---|---|
| 1. | Pražští radní jednohlasně rozh... | o zrušení ohňostroje (pořádaného městem) | 1 | |
| 2. | Vůdce brazilského drogového ga... | v převleku za svou dceru, která ho přišla navštívit | 1 | |
| 3. | Do českých kin minulý čtvrtek... | Toy Story: Příběh hraček | 1 | |
| 4. | Nejnovější studie Světového ek... | Pákistán | 0 | |
| 5. | Anglický fotbalista Harry Magu... | Leicester City FC | 1 | |
| 6. | V tomto tématu stačí vždy odpo... | ANO | 1 | |
| 7. | Firmu Ferrari založil bývalý a... | ANO | 0 | |
| 8. | Guinea-Bissau je republika nac... | ANO | 0 | |
| 9. | Coulombův zákon popisuje síly... | NE | 0 | |
| 10. | Tolstolobik bílý je sladkovodn... | NE | 1 |